El planeta viviente

Uloženo v:
Podrobná bibliografie
Hlavní autor: Attenborough, David (Autor)
Médium: Kniha
Jazyk:španělština
Vydáno: Barcelona Salvat 1989
Témata:
Tagy: Přidat tag
Žádné tagy, Buďte první, kdo vytvoří štítek k tomuto záznamu!

MARC

LEADER 00000nam a2200000 a 4500
001 UCX6350
003 CL-VaPUC
008 930525e19890000SP |||||||||||||||||spa|d
082 0 4 |a 551  |b ATT  |2 21 
100 0 |a Attenborough, David  |e author  |9 322790 
245 1 3 |a El planeta viviente 
300 |a 242 p 
942 |c BK 
945 |d 19930525 00:00:00 
260 |a Barcelona  |b Salvat  |c 1989 
650 7 |a TIERRA  |2 CL-VaPUC  |9 261538 
650 0 |a Geografía física   |9 259347 
650 7 |a HOMBRE INFLUENCIA SOBRE LA NATURALEZA  |2 CL-VaPUC  |9 261172 
583 |a last modification  |c 19930525 00:00:00  |k Rodrigo Vera 
999 |c 226378  |d 226376 
952 |0 0  |1 0  |4 0  |6 551_000000000000000_ATT_1989  |7 0  |8 A  |9 224676  |a BIBING  |b BIBING  |d 2019-11-15  |i 2934450  |l 2  |o 551 ATT 1989  |p 2934450  |r 2025-01-20  |s 2024-05-16  |w 2019-11-15  |y BK  |k GEO